Film dont le titre commence par un S (3) - Statistiques

Statistiques générales
  • Ce quiz a été pris 3 fois
  • Le résultat moyen est 5 sur 30
Statistiques - réponses
Année Réalisateur Genre 1 acteur ou
1 actrice
Titre % Correct
2014 Bertrand Bonello Biographie Gaspard Ulliel Saint-Laurent
67%
1980 Stanley Kubrick Drame psychologique Jack Nicholson Shining
67%
1950 Roberto Rossellini Comédie dramatique Ingrid Bergman Stromboli
67%
1999 Patricia Mazuy Comédie dramatique Isabelle Huppert Saint-Cyr
33%
1963 Peter Brook Drame James Aubrey Sa Majesté des mouches
33%
1989 Steven Sodenbergh Comédie dramatique James Spader Sexe mensonges et vidéo
33%
2022 Olivier Dahan Biographie Elsa Zylberstein Simone le voyage du siècle
33%
2008 Danny Boyle Comédie Dev Patel Slumdog millionaire
33%
1952 Cecil B. DeMille Comédie dramatique James Stewart Sous le plus grand chapiteau du monde
33%
2014 Audrey Dana Comédie Isabelle Adjani Sous les jupes des filles
33%
1994 Roland Emmerich Science fiction James Spader Stargate la porte des étoiles
33%
1971 Giuliano Montaldo Drame Gian Maria Volonte Sacco et Vanzetti
0%
1958 King Vidor Peplum Gina Lollobridgida Salomon et la reine de Saba
0%
2007 Jean-Paul Rouve Policier Gérard Depardieu Sans arme ni haine ni violence
0%
1958 André Michel Drame Gino Cervi Sans famille
0%
1985 Jean-Yves Chatelais Comédie Gérard Jugnot Scout toujours
0%
2014 Ava DuVernay Drame David Oyelowo Selma
0%
1957 Jean Boyer Comédie Fernandel Sénéchal le Magnifique
0%
1933 Ernest Lubitsch Comédie Gary Cooper Sérénade à trois
0%
1932 Clyde Bruckman Comédie Harold Lloyd Silence on tourne
0%
1942 Fernandel Comédie Fernandel Simplet
0%
1935 Ub Iwerks Aventures Douglas Fairbanks Sindbad le Marin
0%
1961 Jean-Pierre Mocky Comédie Jacques Dufilho Snobs
0%
2002 Steven Soderbergh Science fiction George Clooney Solaris
0%
1957 Mario Soldati Comédie Fernandel Sous le ciel de Provence
0%
2016 Dominique Farrugia Comédie Gilles Lellouche Sous le même toit
0%
1957 Guido Brignone Peplum Gianna Maria Canale Sous le signe de la croix
0%
2015 Bavo Defurne Comédie dramatique Isabelle Huppert Souvenir
0%
1992 Joseph Vilsmaier Guerre Dominique Horwitz Stalingrad
0%
1939 John Ford Western Henry Fonda Sur la piste des Mohawks
0%
Aucun quiz correspondant
Distribution des résultats
% des personnes avec chaque résultat
Percentile par nombre de réponses
Votre historique - résultats
Vous n’avez pas pris ce quiz